|
|
|
|
| LEADER |
00000nam a2200000 a 4500 |
| 001 |
vtls008295324 |
| 003 |
SK-MaSNL |
| 005 |
20260302074140.0 |
| 008 |
240315s2004 ru oc g bh 000 0 rus |
| 020 |
|
|
|a 5895770320
|q (viaz.)
|
| 040 |
|
|
|a SNK
|b slo
|c SNK
|e AACR2
|
| 041 |
0 |
|
|a rus
|
| 043 |
|
|
|a e-ru---
|
| 044 |
|
|
|a ru
|c RU
|
| 072 |
|
7 |
|a 821.161.1
|x Ruská literatúra
|2 konspekt
|
| 080 |
|
|
|a 821.161.1
|2 2001
|
| 080 |
|
|
|a 929
|2 2001
|
| 080 |
|
|
|a (470)
|2 2001
|
| 080 |
|
|
|a 01
|2 2001
|
| 080 |
|
|
|a (048.8)
|2 2001
|
| 100 |
1 |
|
|a Meškov, Vjačeslav Michajlovič
|4 aut
|9 739424
|
| 245 |
1 |
0 |
|a Arbat predo mnoju-
|b poetičeskaja, biografičeskaja i bibliografičeskaja kniga
|c V. M. Meškov
|
| 260 |
|
|
|a Moskva
|b Russkij mir`
|c 2004
|
| 300 |
|
|
|a 478 s
|b fotogr. (čiast. fareb.)
|c 22 cm
|
| 490 |
1 |
|
|a Bol'šaja Moskovskaja biblioteka
|
| 650 |
0 |
7 |
|a ruská literatúra
|2 SNKPH
|9 1204
|
| 650 |
0 |
7 |
|a ruská literatúra a spoločnosť
|2 SNKPH
|9 739425
|
| 650 |
0 |
7 |
|a literárna spoločnosť
|2 SNK
|9 739426
|
| 651 |
|
7 |
|a Arbat ulica (Moskva, Rusko)
|2 SNKPH
|9 89386
|
| 651 |
|
7 |
|a Moskva (Rusko)
|2 SNKPH
|9 17405
|
| 655 |
|
7 |
|a biografie
|2 SNKPH
|9 27965
|
| 655 |
|
7 |
|a bibliografie
|2 SNKPH
|9 28668
|
| 655 |
|
7 |
|a štúdie
|2 SNKPH
|9 57033
|
| 830 |
|
0 |
|a Bol'šaja Moskovskaja biblioteka
|9 739427
|
| 919 |
|
|
|a 5-89577-032-0
|
| 999 |
|
|
|c 1163876
|d 1165806
|
| 952 |
|
|
|a SNK
|b SNK
|y VYP
|7 0
|p 17A0484936
|o snkIC 132578
|i snk2005/17300
|8 2
|g 10.62
|0 0
|1 0
|4 0
|d 2005-08-23
|l 0
|r 2026-02-24 20:41:25
|w 2026-02-24
|